000 01119nam a22002777a 4500
003 dpl
005 20180911144820.0
008 180911b xxu||||| |||| 00| 0 eng d
010 _aB-144443
020 _c225.00
_a8190165534
035 _aB-144443, B-144450
037 _bCen Lib/Ret
040 _aDPL
_bHN
_c0
082 _a
_bमहता
100 _aमहताब, एम.के
_962862
245 _aकाली गंगा :
_cएम.के.महताब
_bकहानी संग्रह /
246 _aKaali ganga : kahani sangarh /
_bby M.K. Mahtab
260 _a दिल्ली
_bउपेन्द्रनाथ एंड संस
_c2005
270 _bदिल्ली
_a8, वजय मार्किट, सेक्टर-9, रोहिणी
_e110085
300 _a216पृ.
_c19सेमी (सजिल्द)
650 _aहिन्दी साहित्य
_962863
650 _a हिंदी कहानियां
_92082
650 _aHindi literature
_962864
650 _aHindi stories
_962865
942 _2ddc
_cHN
_h
_mमहता
999 _c115712
_d115712